| 000 | 00391nam a2200145Ia 4500 | ||
|---|---|---|---|
| 008 | 231129s2002||||xx |||||||||||||| ||spa|| | ||
| 020 | _a958-04-4391-2 | ||
| 040 | _bspa | ||
| 082 | _aA863 S231ó | ||
| 100 | _aSanta Ana Antonio | ||
| 245 | 0 | _aLos ojos del perro siberiano | |
| 260 | _c2002 | ||
| 264 | _aBogotá Colombia : Norma | ||
| 942 |
_2ddc _cBKS |
||
| 999 |
_c19900 _d19900 |
||